NLSUI OPAC header image

The revenge of geography : (Record no. 113760)

MARC details
000 -LEADER
fixed length control field 01359cam a2200289 a 4500
001 - CONTROL NUMBER
control field 17128382
003 - CONTROL NUMBER IDENTIFIER
control field OSt
005 - DATE AND TIME OF LATEST TRANSACTION
control field 20190723205446.0
008 - FIXED-LENGTH DATA ELEMENTS--GENERAL INFORMATION
fixed length control field 120120s2012 nyu b 001 0 eng
010 ## - LIBRARY OF CONGRESS CONTROL NUMBER
LC control number 2012000655
020 ## - INTERNATIONAL STANDARD BOOK NUMBER
International Standard Book Number 9780345545367
040 ## - CATALOGING SOURCE
Original cataloging agency DLC
Transcribing agency DLC
Modifying agency DLC
042 ## - AUTHENTICATION CODE
Authentication code pcc
050 00 - LIBRARY OF CONGRESS CALL NUMBER
Classification number JC319
Item number .K335 2012
082 00 - DEWEY DECIMAL CLASSIFICATION NUMBER
Classification number 320.12 KAP
Edition number 23
100 1# - MAIN ENTRY--PERSONAL NAME
Personal name Kaplan, Robert D.,
Dates associated with a name 1952-
245 14 - TITLE STATEMENT
Title The revenge of geography :
Remainder of title What the map tells us about coming conflicts and the battle against fate /
Statement of responsibility, etc. Robert D. Kaplan.
250 ## - EDITION STATEMENT
Edition statement 1st ed.
260 ## - PUBLICATION, DISTRIBUTION, ETC.
Place of publication, distribution, etc. New York :
Name of publisher, distributor, etc. Random House,
Date of publication, distribution, etc. c2012.
300 ## - PHYSICAL DESCRIPTION
Extent xxii, 403 p. ;
Dimensions 25 cm.
504 ## - BIBLIOGRAPHY, ETC. NOTE
Bibliography, etc. note Includes bibliographical references (p. [349]-378) and index.
505 0# - FORMATTED CONTENTS NOTE
Formatted contents note From Bosnia to Baghdad -- The revenge of geography -- Herodotus and his successors -- The Eurasian map -- The Nazi distortion -- The Rimland thesis -- The allure of sea power -- The "crisis of room" -- The geography of European divisions -- Russia and the independent heartland -- The geography of Chinese power -- India's geographical dilemma -- The Iranian pivot -- The former Ottoman Empire -- Braudel, Mexico, and grand strategy.
650 #0 - SUBJECT ADDED ENTRY--TOPICAL TERM
Topical term or geographic name entry element Political geography.
906 ## - LOCAL DATA ELEMENT F, LDF (RLIN)
a 7
b cbc
c orignew
d 1
e ecip
f 20
g y-gencatlg
942 ## - ADDED ENTRY ELEMENTS (KOHA)
Source of classification or shelving scheme Dewey Decimal Classification
Koha item type BOOKs
Holdings
Withdrawn status Lost status Source of classification or shelving scheme Materials specified (bound volume or other part) Damaged status Not for loan Home library Current library Shelving location Date acquired Source of acquisition Cost, normal purchase price Total Checkouts Full call number Barcode Date last seen Date last checked out Price effective from Koha item type Public note
    Dewey Decimal Classification PB     . .   23.07.2019 Gratis 28.00 1 320.12 KAP 37275 03.01.2022 31.12.2021 23.07.2019 BOOKs Donated By Vice Chancellor's Office, NLSIU